000 00608nam a2200193Ia 4500
008 240729s9999 xx 000 0 und d
022 _a1587-3765
245 0 _aPeriodica Polytechnica: Chemical Engineering
260 _aHungary
260 _bBudapest University of Technology
650 _a Chemical engineering | Technology
650 _a Chemical technology
650 _a Engineering (General). Civil engineering (General)
650 _a Environmental engineering
650 _aTechnology
856 _uhttps://doaj.org/toc/7a245d930c95438db3d5c7e0bb3b315a
942 _2ddc
942 _cDOAJEJ
999 _c70407
_d70407
945 _a1
_bMadushi Gamage
_c1
_dMadushi Gamage